Quizzes
Events
Quiz Creation
Community
Videos
Private Events
Remove Ads
Sign In
Join for FREE
Feedback
Dark Mode
Quiz Categories
Sports
Geography
Music
Movies
Television
Just For Fun
Miscellaneous
History
Literature
Language
Science
Gaming
Entertainment
Religion
Holiday
For Kids
Quiz Lab
Recent
Popular Today
Quiz Kudos Today
Editor Picks
Curator Picks
Quizzes by...
Day
Popularity
Type
Ratings
Length
Year
Community
Subscriptions
Recent Discussions
Orange Saloon
Badges
Playlists
Quests
Create
Leaderboards
Showdown
Live 5
Trivia Bingo
Activity
Puzzle Library
Sporcle Events
Private Events
Virtual Trivia
Globe League
Become a Host
Pub Owners
SporcleCon
Opinionation
Our Games
Videos
Blog
Mobile Apps
Partnerships
Remove Ads and Go Orange
Feedback
Television
TV Characters
TV Show
Sitcom
Network
Friends
Reality Shows
Cast
South Park
Star Trek
The Simpsons
Doctor Who
Television
TV Characters
TV Show
Sitcom
Network
Friends
Reality Shows
Cast
South Park
Star Trek
The Simpsons
Doctor Who
Random Quiz
Search Sporcle
×
Quiz Lab
Quiz Lab
Television
Slogans
Type in answers that appear in a list
Type in answers that appear in a list
Classic
Best Score? Go Orange.
T.V. Channel Slogans Stats
Can you name the T.V. Channel Slogans?
By
coolmuffin121
15m
13 Questions
140 Plays
140 Plays
140 Plays
Comments
Comments
Give Quiz Kudos
Give Quiz Kudos
-
- Ratings
hide this ad
Forced Order
Answers have to be entered in order
Answers have to be entered in order
Random Order
Randomize order of answers
Randomize order of answers
Replay
Link that replays current quiz
Next Quiz
Link to next quiz in quiz playlist
You Got
0%
They Got
Avg Score
42%
Avg Friend Score
Upgrade to see
Score Distribution
Jump to the score distribution portion of the page
Score
0/13
Timer
15:00
0
Plays Today
Slogan
Channel
% Correct
The Worldwide Leader in News
CNN
77.1%
Quality, Value, Convenience
QVC
68.6%
We Report. You Decide.
Fox News
62.1%
The Place for Politics
MSNBC
56.4%
more colorful.
NBC
52.1%
Start Here
ABC
37.1%
Surprisingly Human
Animal Planet
36.4%
Watch What Happens
Bravo
32.1%
Real Life. Drama.
A&E
31.4%
Get more action.
Spike
28.6%
TV to Talk About
The CW
25%
Be more
PBS
22.1%
CHECK it.
Cartoon Network
21.4%
Quiz Playlist
Details
Report
Send in Message
Add To Playlist
Classic:
Type in answers that appear in a list
Forced Order:
Answers have to be entered in order
Random Order:
Randomize order of answers
Last Updated: Feb 16, 2017
Quiz Scoreboard
CHALLENGE
Sign Up to Join the Scoreboard
Show All
Scores
Hide
Comments
May contain spoilers
Recently Published
TV Characters by Other Roles V
by ghcgh
Television
5m
Decade Duel: World Leaders
by jenniferyan
History
4m
Alphabetical 'K' Countries by Flag Minefield
by ylime102
Geography
3m
More to Explore
Quiz From the Vault
Featured Blog Post
15 Basketball Trivia Facts You Can Be March Mad About
hide this ad
You Might Also Like...
Tags
Slogans Quiz
channel
Today's Top Quizzes in Television
Browse Television
hide this ad
Today's Top Quizzes in Slogans
Browse Slogans
Top Contributed Quizzes in Television
1
Hidden Simpsons Character
2
One Piece Logic Puzzle
3
First Name TV: Leading Men
4
Hidden Simpsons Character XXIV
5
Grey's Anatomy Logic Puzzle
6
First Name TV: Leading Women Drama
7
Hidden Simpsons Character II
8
Hidden Simpsons Character XXVI
9
Hidden Simpsons Character XXV
10
TV Characters by Other Roles VI
Explore More
Trending Topics
Crossword
NBA
Harry Potter
Marvel
Kpop
Anime
Disney
NFL
WWE
The Office
Puzzle
Pokémon
Song
Country
Soccer
hide this ad
More By:
coolmuffin121
Quiz
Plays
Rating
Category
Featured
Created
Which Letter Where?
43,198
4.24
Just For Fun
Apr 23, 2012
Super Bowl Winners (clickable mines)
8,719
3.51
Sports
Apr 2, 2012
1967-1979 Heavy Metal Bands by Letter
903
2.69
Music
Aug 27, 2010
Chuck Characters
405
4.00
Television
Sep 3, 2010
Candy Safecracker
389
4.67
Just For Fun
Feb 16, 2012
Go to Creator's Profile
Score Distribution
Quiz Creator Spotlight
coolmuffin121
Follow
Send a Message
Quizzes Created
-
Created Quiz Play Count
-
More By This Creator
Popular Quizzes Today
1
Countries of Asia Without Outlines Minefield
2
Find the US States - No Outlines Minefield
3
Pick 6: Fruits
4
The Countries of the World
5
Find the Countries of Europe - No Outlines Minefield
6
Alphabetical 'K' Countries by Flag Minefield
7
US States
8
Find the US States
More Television Quizzes
TV Shows by Three Songs
Published
Trending Quizzes
Pick 6: Mountains
Pick 6: Harry Potter
Pick 6: NFL Teams
Pick 6: Flags
C Names for Actors
Recently Updated
Adaptations: Name the Title
pecheneg
NWSL Teams
pecheneg
Women's Final Four Teams by Year
bhenderson79
Presidents Quartet II
eogle
Anything But Clue(do)
eogle
Anything But Oceanian Capitals
eogle
Anything But 7
eogle
Anything But Thing
eogle
Word Ladder: February 29
pecheneg
Song Title Questions
pecheneg
Trending Topics
Kpop
Crossword
Disney
Anime
Marvel
Harry Potter
NBA
Country
Puzzle
The Office
Pokémon
Soccer
Song
WWE
NFL
Your Account Isn't Verified!
In order to create a playlist on Sporcle, you need to verify the email address you used during registration. Go to your
Sporcle Settings
to finish the process.
Report this User
Report this user for behavior that violates our
Community Guidelines
.
Details:
Send Report
Go to the Sporcle.com Mobile Site →
Comments